<?xml version="1.0" encoding="UTF-8"?>
<record
    xmlns:xsi="http://www.w3.org/2001/XMLSchema-instance"
    xsi:schemaLocation="http://www.loc.gov/MARC21/slim http://www.loc.gov/standards/marcxml/schema/MARC21slim.xsd"
    xmlns="http://www.loc.gov/MARC21/slim">

  <leader>01891nas a2200277Ia 4500</leader>
  <controlfield tag="001">R050-S1772</controlfield>
  <controlfield tag="003">IT-CnALBA</controlfield>
  <controlfield tag="008">170116c99999999xx ||||||||||||   ||und||</controlfield>
  <datafield tag="040" ind1=" " ind2=" ">
    <subfield code="a">IT-CnALBA</subfield>
    <subfield code="c">IT-CnALBA</subfield>
  </datafield>
  <datafield tag="041" ind1=" " ind2=" ">
    <subfield code="a">ITALIANO</subfield>
  </datafield>
  <datafield tag="100" ind1=" " ind2=" ">
    <subfield code="a">CALVEZ JEAN-YVES, SJ.</subfield>
  </datafield>
  <datafield tag="210" ind1=" " ind2=" ">
    <subfield code="a">LA CIVILT&#xC0; CATTOLICA</subfield>
  </datafield>
  <datafield tag="222" ind1=" " ind2=" ">
    <subfield code="a">LA CIVILT&#xC0; CATTOLICA</subfield>
  </datafield>
  <datafield tag="245" ind1=" " ind2="0">
    <subfield code="a">LA CIVILT&#xC0; CATTOLICA. ANNO CXXXVI. VOL. III. 1985. </subfield>
    <subfield code="b">RIVISTA CULTURALE</subfield>
  </datafield>
  <datafield tag="250" ind1=" " ind2=" ">
    <subfield code="a">1a ed.</subfield>
  </datafield>
  <datafield tag="260" ind1=" " ind2=" ">
    <subfield code="a"> ROMA</subfield>
    <subfield code="b">LA CIVILT&#xC0; CATTOLICA EDIZIONI </subfield>
    <subfield code="c">1985 [1&#xB0; Ed.:1985 - Ed.Ling.Originale: 1985]</subfield>
  </datafield>
  <datafield tag="300" ind1=" " ind2=" ">
    <subfield code="a">552 p. </subfield>
  </datafield>
  <datafield tag="310" ind1=" " ind2=" ">
    <subfield code="a">QUINDICINALE</subfield>
  </datafield>
  <datafield tag="362" ind1=" " ind2=" ">
    <subfield code="a">Fascicolo: 3241-3246 / Anno: 136 (1985)</subfield>
  </datafield>
  <datafield tag="500" ind1=" " ind2=" ">
    <subfield code="a">LA CHIESA IN ITALIA. DOPO LORETO. LIBERT&#xC0; DI COSCIENZA E RELIGIOSA NEL CONCILIO VATICANO II. RIFORMA LITURGICA, DOPO XX ANNI. LA SPIRITUALIT&#xC0; DEL LAVORO NELL'ENCICLICA "LABOREM EXERCENS". IL CARDINALE JOSYF SLIPYI PASTORE E STUDIOSO. CASTELLI F. ODISSEA DRAMMATICA DEI COSACCHI IN UN ROMANZO DI C. SGORLON. FEDE CRISTIANA E CULTURA GIAPPONESE NELL'ULTIMO ROMANZO DI SHUSAKU ESTETICA. DE ROSA G. LA CHIESA DI SCIENTOLOGIA. PSEUDO COSCIENZA E PSEUDO RELIGIONE. IL COMPITO DELLA CHIESAAA NEL MONDO D'OGGI. </subfield>
  </datafield>
  <datafield tag="501" ind1=" " ind2=" ">
    <subfield code="a">Societ&#xE0; San Paolo EM - Piazza San Paolo, 14 - 12051 ALBA (CN)  (non commercial uses only) &#xAE; Copyright 2017</subfield>
  </datafield>
  <datafield tag="520" ind1=" " ind2=" ">
    <subfield code="a">LA CHIESA IN ITALIA. DOPO LORETO. LIBERT&#xC0; DI COSCIENZA E RELIGIOSA NEL CONCILIO VATICANO II. RIFORMA LITURGICA, DOPO XX ANNI. LA SPIRITUALIT&#xC0; DEL LAVORO NELL'ENCICLICA "LABOREM EXERCENS". IL CARDINALE JOSYF SLIPYI PASTORE E STUDIOSO. CASTELLI F. ODISSEA DRAMMATICA DEI COSACCHI IN UN ROMANZO DI C. SGORLON. FEDE CRISTIANA E CULTURA GIAPPONESE NELL'ULTIMO ROMANZO DI SHUSAKU ESTETICA. DE ROSA G. LA CHIESA DI SCIENTOLOGIA. PSEUDO COSCIENZA E PSEUDO RELIGIONE. IL COMPITO DELLA CHIESAAA NEL MONDO D'OGGI. </subfield>
  </datafield>
  <datafield tag="650" ind1=" " ind2=" ">
    <subfield code="a">RIVISTA CULTURALE</subfield>
  </datafield>
  <datafield tag="942" ind1=" " ind2=" ">
    <subfield code="c">CR</subfield>
  </datafield>
  <datafield tag="957" ind1=" " ind2=" ">
    <subfield code="7">1</subfield>
  </datafield>
  <datafield tag="999" ind1=" " ind2=" ">
    <subfield code="a">63671</subfield>
    <subfield code="b">NO</subfield>
    <subfield code="g">1</subfield>
    <subfield code="c">330371</subfield>
    <subfield code="d">330371</subfield>
  </datafield>
  <datafield tag="952" ind1=" " ind2=" ">
    <subfield code="0">0</subfield>
    <subfield code="1">0</subfield>
    <subfield code="4">0</subfield>
    <subfield code="6">R_050S1772</subfield>
    <subfield code="7">1</subfield>
    <subfield code="a">ALBA</subfield>
    <subfield code="b">ALBA</subfield>
    <subfield code="d">2017-01-16</subfield>
    <subfield code="l">0</subfield>
    <subfield code="o">R050-S1772</subfield>
    <subfield code="r">2017-01-16 00:00:00</subfield>
    <subfield code="w">2017-01-16</subfield>
    <subfield code="y">CR</subfield>
    <subfield code="z">(data import: 16 gennaio 2017) - By Epidotti, Vaglietti. </subfield>
  </datafield>
</record>
